| 000 | 00895nam a2200301 i 4500 | ||
|---|---|---|---|
| 999 |
_c200453006 _d71218 |
||
| 001 | 200453006 | ||
| 003 | TR-AnTOB | ||
| 005 | 20230522101244.0 | ||
| 007 | ta | ||
| 008 | 230502t1986 tu 000 0 tur d | ||
| 020 | _a9789751057907 | ||
| 040 |
_aTR-AnTOB _beng _erda _cTR-AnTOB |
||
| 041 | 0 |
_alat _atur |
|
| 060 |
_aW 13 _bU392 1986 |
||
| 096 |
_aW13 _bU392 1986 TıpFaK |
||
| 100 | 1 |
_aÜlker, Süreyya _915843 |
|
| 245 | 1 | 0 |
_aÜlker tıp terimleri sözlüğü : _bLatince-Türkçe-Türkçe-Latince / _cSüreyya Ülker. |
| 250 | _a1.baskı | ||
| 264 | 1 |
_aİstanbul : _bİnkılap Kitabevi ; _c1986. |
|
| 300 |
_axxiv, 558 pages ; _c20 cm |
||
| 336 |
_atext _btxt _2rdacontent |
||
| 337 |
_aunmediated _bn _2rdamedia |
||
| 338 |
_avolume _bnc _2rdacarrier |
||
| 504 | _aBIB | ||
| 655 | 2 |
_aDictionary, Medical _9138230 |
|
| 942 |
_2NLM _cBK |
||